|
|
|
|
| LEADER |
00000nam a2200000 i 4500 |
| 001 |
1/14847 |
| 008 |
001214s1999 eng d |
| 020 |
|
|
|a 3791320866
|
| 035 |
|
|
|l 10065158
|
| 040 |
|
|
|a GR-MY-UA
|b gre
|e aacr
|
| 041 |
0 |
|
|a eng
|h ger
|
| 082 |
0 |
|
|a 700.92
|2 (22)
|
| 100 |
1 |
|
|a Morandi, Giorgio
|d 1890-1964.
|
| 245 |
1 |
0 |
|a Giorgio Morandi :
|b paintings watercolours drawings etchings /
|c edited by Ernst-Gerhard Guese and Franz Armin Morat ; with contributions by Gottfried Boehm...[et al.] ; [translated from the German by Almuth Seebohm]
|
| 260 |
|
|
|a Munich :
|b Prestel,
|c c1999
|
| 300 |
|
|
|a 167 p.;
|b ill.;
|c 30 cm.
|
| 504 |
|
|
|a Includes bibliographical refernces
|
| 600 |
1 |
0 |
|a Morandi Giorgio
|d 1890-1964.
|
| 650 |
0 |
0 |
|a Painters
|z Italy.
|
| 700 |
1 |
|
|a Guese, Ernst-Gerhard.
|4 edt
|
| 700 |
1 |
|
|a Morat, Franz Armin.
|4 edt
|
| 700 |
1 |
|
|a Boehm, Gottfried
|d 1942-
|4 oth
|
| 700 |
1 |
|
|a Seebohm, Almuth.
|4 trl
|
| 852 |
|
|
|a INST
|b SYROS
|e 20001214
|h 700.92 MOR
|p 005500001813
|q 005500001813
|t BK
|y 0
|
| 901 |
|
|
|a BIBL5-2001-1
|
| 909 |
|
|
|a Ε
|b 082798
|
| 922 |
|
|
|a 5ΕΛΗ
|b 200011
|c ΓΡΑΦΙΚΩΝ ΤΕΧΝΩΝ
|d ΜΙΧΑΛΟΠΟΥΛΟΣ
|
| 950 |
|
|
|a 183-2000-09-18
|
| 970 |
|
|
|a ΚΟΝΤΟΥ
|b ΠΑΡΑΣΚΕΥΗ
|z 2001/01/11
|